[Event "ITA-chT Final 56th"]
[Site "Darfo Boario Terme"]
[Date "2025.04.11"]
[Round "7.31"]
[White "Podetti, Davide"]
[Black "Titze, Leo"]
[Result "1/2-1/2"]
[WhiteElo "2251"]
[BlackElo "2224"]
[PlyCount "37"]
[EventDate "2025.04.07"]
[EventType "team-swiss"]
[EventRounds "9"]
[EventCountry "ITA"]
[SourceTitle "CB16_2025"]
[SourceDate "2025.04.16"]
[SourceVersion "1"]
[SourceVersionDate "2025.04.16"]
[SourceQuality "1"]
[WhiteTeam "Cerianese Scacchistica"]
[BlackTeam "Milan Accademia"]
[WhiteTeamCountry "ITA"]
[BlackTeamCountry "ITA"]

1. e4 e5 2. Nf3 Nc6 3. Bb5 a6 4. Ba4 Nf6 5. 0-0 Nxe4 6. d4 b5 7. Bb3 d5 8. dxe5 Be6 9. c3 Be7 10. Nbd2 Nc5 11. Bc2 d4 12. Nb3 dxc3 13. Nxc5 Bxc5 14. Be4 Qd7 15. Qc2 Bd5 16. Bf5 Be6 17. Be4 Bd5 18. Bf5 Be6 19. Be4 1/2-1/2

[Event "ITA-chT Final 56th"]
[Site "Darfo Boario Terme"]
[Date "2025.04.10"]
[Round "6.28"]
[White "Titze, Leo"]
[Black "Mirri, Pietro"]
[Result "1/2-1/2"]
[WhiteElo "2224"]
[BlackElo "2147"]
[PlyCount "90"]
[EventDate "2025.04.07"]
[EventType "team-swiss"]
[EventRounds "9"]
[EventCountry "ITA"]
[SourceTitle "CB16_2025"]
[SourceDate "2025.04.16"]
[SourceVersion "1"]
[SourceVersionDate "2025.04.16"]
[SourceQuality "1"]
[WhiteTeam "Milan Accademia"]
[BlackTeam "Le Due Torri CSB"]
[WhiteTeamCountry "ITA"]
[BlackTeamCountry "ITA"]

1. d4 d5 2. c4 c6 3. Nc3 Nf6 4. Nf3 e6 5. Bg5 dxc4 6. a4 Bb4 7. e4 h6 8. Bxf6 Qxf6 9. Bxc4 Nd7 10. e5 Qe7 11. 0-0 Nb6 12. Bb3 Nd5 13. Rc1 b6 14. Qd3 Bb7 15. Nxd5 exd5 16. e6 fxe6 17. Ne5 Qf6 18. Nxc6 Bd6 19. Ne5 0-0 20. Bc2 Qf5 21. Qg3 Qg5 22. Qh3 Rae8 23. Rce1 Ba6 24. Bd3 Bxd3 25. Qxd3 Rc8 26. Re3 Qf5 27. Qb5 Rc7 28. g3 h5 29. h4 Qf6 30. Rf3 Qd8 31. Qe2 Bxe5 32. Rxf8+ Qxf8 33. Qxe5 Qf7 34. Re1 Rc2 35. Re2 Rxe2 36. Qxe2 Qf5 37. Kg2 Kf7 38. Qd1 g6 39. Qb3 Kg7 40. Qc3 Qe4+ 41. Kg1 Qb1+ 42. Kg2 Qe4+ 43. Kh2 Qf5 44. Qd2 Kg8 45. b4 Kg7 1/2-1/2

[Event "ITA-ch U20 83rd"]
[Site "Turin"]
[Date "2024.12.06"]
[Round "6"]
[White "Ballotti, Luca"]
[Black "Titze, Leo"]
[Result "0-1"]
[WhiteElo "2235"]
[BlackElo "2220"]
[PlyCount "116"]
[EventDate "2024.12.01"]
[EventType "tourn"]
[EventRounds "7"]
[EventCountry "ITA"]
[EventCategory "2"]
[SourceTitle "CB50_2024"]
[SourceDate "2024.11.01"]
[SourceVersion "1"]
[SourceVersionDate "2024.11.01"]
[SourceQuality "2"]

1. e4 c5 2. Nf3 e6 3. d4 cxd4 4. Nxd4 Nc6 5. Nc3 Qc7 6. Ncb5 Qb8 7. Bd3 a6 8. Nxc6 bxc6 9. Nd4 Bb7 10. 0-0 Nf6 11. Nf3 e5 12. b3 Be7 13. Bb2 d6 14. c4 c5 15. Qe2 Nd7 16. Ne1 Bf6 17. Nc2 Nf8 18. f4 Ne6 19. g3 Qd8 20. Rad1 exf4 21. e5 Bxe5 22. Bxe5 dxe5 23. Qxe5 Qg5 24. Qxg5 Nxg5 25. Rfe1+ Kf8 26. Kf2 fxg3+ 27. Kxg3 g6 28. b4 cxb4 29. Nxb4 Ne6 30. Be4 Bxe4 31. Rxe4 a5 32. Nc6 Kg7 33. Re5 Rhc8 34. Rxa5 Rxa5 35. Nxa5 Rc5 36. Rd5 f5 37. Rxc5 Nxc5 38. Nb3 Na4 39. Nc1 Kf6 40. Nd3 g5 41. a3 Ke6 42. h4 h6 43. Ne1 Nc5 44. hxg5 hxg5 45. Nf3 Ne4+ 46. Kg2 g4 47. Ne1 f4 48. a4 Nc5 49. a5 Kf5 50. Nd3 f3+ 51. Kg1 Nxd3 52. a6 g3 53. a7 Nf4 54. a8Q Ne2+ 55. Kf1 g2+ 56. Ke1 g1Q+ 57. Kd2 Qc1+ 58. Kd3 Qc3# 0-1

[Event "ITA-ch U20 83rd"]
[Site "Turin"]
[Date "2024.12.05"]
[Round "5"]
[White "Titze, Leo"]
[Black "Hercegovac, Neven"]
[Result "0-1"]
[WhiteElo "2220"]
[BlackElo "2287"]
[PlyCount "56"]
[EventDate "2024.12.01"]
[EventType "tourn"]
[EventRounds "7"]
[EventCountry "ITA"]
[EventCategory "2"]
[SourceTitle "CB50_2024"]
[SourceDate "2024.11.01"]
[SourceVersion "1"]
[SourceVersionDate "2024.11.01"]
[SourceQuality "2"]

1. d4 d5 2. c4 e6 3. Nc3 Nf6 4. Nf3 Nbd7 5. e3 Be7 6. Qc2 0-0 7. Be2 dxc4 8. Bxc4 a6 9. a4 c5 10. dxc5 Bxc5 11. 0-0 b6 12. e4 Qc7 13. Qe2 Bb7 14. Bg5 h6 15. Bh4 Rfc8 16. Bd3 Nh5 17. Bg3 Nxg3 18. hxg3 Qxg3 19. Rac1 Qf4 20. Kh1 Nf6 21. g3 Qg4 22. Kh2 Rd8 23. Rfe1 Bxf2 24. Qxf2 Rxd3 25. Rf1 Qh5+ 26. Kg2 Nxe4 27. Qe2 Rxf3 28. Nxe4 Rxg3+ 0-1

[Event "ITA-ch U20 83rd"]
[Site "Turin"]
[Date "2024.12.04"]
[Round "4"]
[White "Cina, Vittorio"]
[Black "Titze, Leo"]
[Result "1-0"]
[WhiteElo "2325"]
[BlackElo "2220"]
[PlyCount "153"]
[EventDate "2024.12.01"]
[EventType "tourn"]
[EventRounds "7"]
[EventCountry "ITA"]
[EventCategory "2"]
[SourceTitle "CB50_2024"]
[SourceDate "2024.11.01"]
[SourceVersion "1"]
[SourceVersionDate "2024.11.01"]
[SourceQuality "2"]

1. d4 d5 2. c4 dxc4 3. e3 Nf6 4. Bxc4 a6 5. Nf3 e6 6. Qe2 c5 7. dxc5 Bxc5 8. 0-0 b5 9. Bd3 Nbd7 10. Nbd2 Bb7 11. Nb3 Be7 12. Bd2 0-0 13. Ba5 Qb8 14. h3 Qa7 15. a3 Bd5 16. Nbd2 Nc5 17. Bc2 Nce4 18. Bb3 Bb7 19. Ne5 Rac8 20. Ndf3 Qb8 21. Rad1 Bd6 22. Nd3 Nd5 23. Nd2 Nxd2 24. Qxd2 Nf6 25. Qe2 Ne4 26. Qg4 Qa8 27. Nf4 Nf6 28. Qg3 Ne4 29. Qh4 Bxf4 30. exf4 Nf6 31. Rd3 Be4 32. Re3 Bg6 33. Rd1 Qb7 34. Qg5 Ne4 35. Qe5 Rfe8 36. Qd4 Qa8 37. Ba2 Nf6 38. Rc3 Rxc3 39. Bxc3 Qc6 40. f3 h5 41. h4 Rc8 42. Bb3 Bf5 43. Kf2 Kh7 44. Ke2 Qc7 45. Qe5 Qb6 46. Qd6 Qb7 47. Qd4 Qc7 48. Qe5 Qb6 49. Kf1 Rd8 50. Rxd8 Qxd8 51. Qd4 Qc7 52. Bd1 Ne8 53. a4 f6 54. a5 Nd6 55. Be2 Nb7 56. Qb6 Qxb6 57. axb6 Kg8 58. g4 Bg6 59. f5 Bf7 60. Bd3 exf5 61. Bxf5 Bd5 62. Kf2 hxg4 63. fxg4 Kf7 64. Bd3 Nc5 65. Bc2 Ke6 66. Ke3 Kd6 67. Kf4 Kc6 68. g5 Ne6+ 69. Kf5 b4 70. Bxf6 gxf6 71. Kxf6 Nf4 72. b7 Kxb7 73. Ke5 b3 74. Bb1 Bf3 75. Kxf4 Bd1 76. Be4+ Kb6 77. g6 1-0

[Event "ITA-ch U20 83rd"]
[Site "Turin"]
[Date "2024.12.02"]
[Round "2"]
[White "Cappelletto, Joshuaede"]
[Black "Titze, Leo"]
[Result "1-0"]
[WhiteElo "2337"]
[BlackElo "2220"]
[PlyCount "93"]
[EventDate "2024.12.01"]
[EventType "tourn"]
[EventRounds "7"]
[EventCountry "ITA"]
[EventCategory "2"]
[SourceTitle "CB50_2024"]
[SourceDate "2024.11.01"]
[SourceVersion "1"]
[SourceVersionDate "2024.11.01"]
[SourceQuality "2"]

1. c4 c5 2. Nf3 g6 3. Nc3 Bg7 4. g3 Nc6 5. Bg2 d6 6. 0-0 e6 7. a3 Nge7 8. Rb1 Rb8 9. b4 b6 10. e3 0-0 11. d4 Nf5 12. Ne2 Bb7 13. Qd2 Qe7 14. Bb2 cxd4 15. e4 Nh6 16. Nexd4 Nxd4 17. Nxd4 Rfd8 18. Qe2 Rbc8 19. Rfd1 Bxd4 20. Bxd4 e5 21. Be3 Kg7 22. h4 f6 23. Rbc1 Nf7 24. Rc2 Rc7 25. Rdc1 Bc6 26. b5 Bd7 27. a4 Rdc8 28. Qd2 Be6 29. Bf1 Nd8 30. a5 bxa5 31. Qxa5 Nb7 32. Qxa7 Nc5 33. Qa3 Ra7 34. Qb2 Ra4 35. Ra1 Rca8 36. Rcc1 Qb7 37. Rxa4 Rxa4 38. Bxc5 dxc5 39. Qd2 Qxe4 40. Qd6 Bxc4 41. Bxc4 Rxc4 42. Rxc4 Qxc4 43. b6 Qe4 44. Qe7+ Kh6 45. Qxf6 Qb1+ 46. Kh2 Qb2 47. g4 1-0

[Event "Spilimbergo op 22nd"]
[Site "Spilimbergo"]
[Date "2024.08.10"]
[Round "2"]
[White "Gholami Orimi, Mahdi"]
[Black "Titze, Leo"]
[Result "1-0"]
[WhiteElo "2496"]
[BlackElo "2272"]
[PlyCount "125"]
[EventDate "2024.08.09"]
[EventType "swiss"]
[EventRounds "9"]
[EventCountry "ITA"]
[SourceTitle "EXT 2025"]
[Source "ChessBase"]
[SourceDate "2024.10.14"]
[SourceVersion "1"]
[SourceVersionDate "2024.10.14"]
[SourceQuality "1"]

1. d4 d5 2. c4 dxc4 3. Nf3 Nf6 4. e3 Bg4 5. Bxc4 e6 6. h3 Bh5 7. Qb3 Bxf3 8. gxf3 c5 9. Qxb7 Nbd7 10. dxc5 Bxc5 11. f4 0-0 12. 0-0 e5 13. Nc3 exf4 14. exf4 Rb8 15. Qf3 Qa5 16. Rd1 Rfc8 17. Bf1 Bf8 18. Nd5 Rd8 19. b3 Ba3 20. Bc4 Nxd5 21. Qxd5 Qxd5 22. Rxd5 Bxc1 23. Rxc1 Nb6 24. Rxd8+ Rxd8 25. Bb5 Kf8 26. Rc7 a5 27. Ra7 Ra8 28. Rb7 Nc8 29. Rc7 Nb6 30. Rb7 Nc8 31. Bc6 Ra6 32. Rc7 Nd6 33. a4 g6 34. Kg2 Kg7 35. Kf3 Kf6 36. Bd5 h5 37. Ke3 g5 38. fxg5+ Kxg5 39. Kd4 f5 40. Bc6 Kf6 41. Kc5 Ke6 42. f4 h4 43. Bb5 Ne4+ 44. Kd4 Rd6+ 45. Ke3 Rd1 46. Rh7 Re1+ 47. Kd3 Rd1+ 48. Ke3 Re1+ 49. Kf3 Kd5 50. Bc4+ Kd4 51. Rd7+ Kc3 52. Rd3+ Kc2 53. Rd5 Rg1 54. Rxf5 Nd2+ 55. Kf2 Rg3 56. Rxa5 Rxh3 57. Bd5 Rh2+ 58. Kg1 Re2 59. f5 Re5 60. f6 Nf3+ 61. Bxf3 Rxa5 62. f7 Rg5+ 63. Kh2 1-0

[Event "ITA-ch sf 83rd"]
[Site "Parma"]
[Date "2024.07.23"]
[Round "4"]
[White "Yao, Stefano"]
[Black "Titze, Leo"]
[Result "1/2-1/2"]
[WhiteElo "2325"]
[BlackElo "2261"]
[PlyCount "75"]
[EventDate "2024.07.21"]
[EventType "swiss"]
[EventRounds "9"]
[EventCountry "ITA"]
[SourceTitle "CBM 221 Extra"]
[Source "ChessBase"]
[SourceDate "2024.09.30"]
[SourceVersion "1"]
[SourceVersionDate "2024.09.30"]
[SourceQuality "1"]

1. d4 Nf6 2. Nf3 e6 3. Bf4 Be7 4. h3 0-0 5. e3 b6 6. Nbd2 c5 7. Bd3 Ba6 8. Bxa6 Nxa6 9. a4 Qc8 10. 0-0 cxd4 11. exd4 Nb4 12. c3 Nbd5 13. Bh2 Qa6 14. Re1 d6 15. Qb3 Rfd8 16. c4 Nc7 17. d5 Bf8 18. Ne4 Nxe4 19. Rxe4 e5 20. Ne1 Qc8 21. Nc2 Na6 22. Re2 Nc5 23. Qa3 a5 24. f4 e4 25. Nd4 Qd7 26. f5 Be7 27. Nc6 Re8 28. Rf1 Bf6 29. Kh1 e3 30. Bg1 Re4 31. b3 Rae8 32. Rf3 h6 33. Qa2 Bg5 34. Qc2 h5 35. Qc3 Bf6 36. Qc2 Bg5 37. Qc3 Bf6 38. Qc2 1/2-1/2

[Event "Karlsruhe Grenke op"]
[Site "Karlsruhe"]
[Date "2024.03.31"]
[Round "6"]
[White "Titze, Leo"]
[Black "Niermann, Tristan"]
[Result "1/2-1/2"]
[WhiteElo "2219"]
[BlackElo "2422"]
[PlyCount "58"]
[EventDate "2024.03.28"]
[EventType "swiss"]
[EventRounds "9"]
[EventCountry "GER"]
[SourceTitle "EXT 2025"]
[Source "ChessBase"]
[SourceDate "2024.10.14"]
[SourceVersion "1"]
[SourceVersionDate "2024.10.14"]
[SourceQuality "1"]

1. d4 Nf6 2. c4 e5 3. dxe5 Ng4 4. Bf4 g5 5. Bd2 Nxe5 6. Bc3 Bg7 7. e3 0-0 8. Nf3 Nbc6 9. Be2 d6 10. Nd4 Bd7 11. 0-0 Qe7 12. Nd2 f5 13. Qb3 Nxd4 14. Bxd4 c5 15. Bc3 Bc6 16. f4 Nd3 17. Bxd3 Qxe3+ 18. Rf2 Qxd3 19. Bxg7 Qxb3 20. Nxb3 Kxg7 21. Rd1 Rad8 22. Rfd2 gxf4 23. Rxd6 Rxd6 24. Rxd6 Re8 25. Na5 Re1+ 26. Kf2 Rb1 27. Nxc6 Rxb2+ 28. Kf3 bxc6 29. a4 Rc2 1/2-1/2

[Event "Lignano Bella Italia op 2nd"]
[Site "Lignano Sabbiadoro"]
[Date "2023.08.19"]
[Round "4"]
[White "Titze, Leo"]
[Black "Arpita, Mukherjee"]
[Result "1/2-1/2"]
[WhiteElo "2229"]
[BlackElo "2111"]
[PlyCount "86"]
[EventDate "2023.08.17"]
[EventType "swiss"]
[EventRounds "9"]
[EventCountry "ITA"]
[SourceTitle "CBM 216 Extra"]
[Source "ChessBase"]
[SourceDate "2023.11.30"]
[SourceVersion "1"]
[SourceVersionDate "2023.11.30"]
[SourceQuality "1"]

1. d4 Nf6 2. c4 g6 3. Nc3 Bg7 4. e4 d6 5. Be2 0-0 6. Be3 e5 7. d5 Na6 8. g4 Nc5 9. f3 h5 10. g5 Nh7 11. h4 f6 12. Qd2 fxg5 13. hxg5 a5 14. Nh3 Bxh3 15. Rxh3 a4 16. 0-0-0 b6 17. Rg1 Qd7 18. Rh2 Qe7 19. Nd1 a3 20. Kb1 axb2 21. Nc3 Na4 22. Nxa4 Rxa4 23. Qxb2 Rfa8 24. Rc1 Nf8 25. Bd1 R4a7 26. Rc3 Nd7 27. Qg2 Nc5 28. Qh3 Qe8 29. Bc1 Rb8 30. Rb2 b5 31. cxb5 Rxb5 32. Qf1 Rxb2+ 33. Bxb2 Qb8 34. Bb3 Nxb3 35. axb3 Qb6 36. Kc2 Ra5 37. Bc1 Rc5 38. Bd2 Rxc3+ 39. Bxc3 Qe3 40. Bd2 Qc5+ 41. Kd1 Qb6 42. b4 Qd4 43. Qh3 Qd3 1/2-1/2

[Event "ITA-ch sf 82nd"]
[Site "Villesse"]
[Date "2023.07.17"]
[Round "4"]
[White "Lettieri, Giuseppe"]
[Black "Titze, Leo"]
[Result "1-0"]
[WhiteElo "2379"]
[BlackElo "2211"]
[PlyCount "201"]
[EventDate "2023.07.15"]
[EventType "swiss"]
[EventRounds "9"]
[EventCountry "ITA"]
[SourceTitle "CBM 215 Extra"]
[Source "ChessBase"]
[SourceDate "2023.09.30"]
[SourceVersion "1"]
[SourceVersionDate "2023.09.30"]
[SourceQuality "1"]

1. e4 c5 2. Nf3 Nc6 3. d4 cxd4 4. Nxd4 g6 5. c4 Nf6 6. Nc3 d6 7. Be2 Nxd4 8. Qxd4 Bg7 9. 0-0 0-0 10. Qd3 a5 11. Be3 a4 12. Bd4 Qa5 13. f4 Be6 14. f5 Bd7 15. Rad1 Bc6 16. Nd5 Bxd5 17. exd5 Nd7 18. Bxg7 Kxg7 19. Kh1 f6 20. fxg6 hxg6 21. Qg3 Ne5 22. Rd4 Rh8 23. a3 Rac8 24. h3 Rc7 25. Rff4 Rcc8 26. Bd1 Ra8 27. Bc2 Rh6 28. Rh4 Rxh4 29. Rxh4 Qd2 30. Qf4 Qxf4 31. Rxf4 Rc8 32. b3 axb3 33. Bxb3 Ra8 34. a4 Nd3 35. Rf1 Nc5 36. Rb1 Kf7 37. Bc2 Nxa4 38. Rxb7 Nc5 39. Rb2 Ra3 40. Bb1 f5 41. Kh2 Kf6 42. Rf2 Ke5 43. g4 Ne4 44. Bxe4 Kxe4 45. gxf5 gxf5 46. Rg2 f4 47. Rg7 Ra2+ 48. Kg1 Kf3 49. Rxe7 Ra1+ 50. Kh2 Ra2+ 51. Kg1 Rg2+ 52. Kh1 Re2 53. Re6 Rc2 54. Rxd6 Rxc4 55. Rg6 Rd4 56. d6 Kf2 57. Kh2 f3 58. Rf6 Rd5 59. h4 Rd1 60. Kh3 Rh1+ 61. Kg4 Rg1+ 62. Kf5 Rd1 63. Ke6 Kg2 64. h5 f2 65. h6 Re1+ 66. Kf7 f1Q 67. Rxf1 Rxf1+ 68. Kg7 Ra1 69. h7 Ra7+ 70. Kg6 Ra8 71. d7 Rd8 72. Kf6 Kf3 73. Ke7 Rh8 74. d8Q Rxh7+ 75. Kf6 Rh2 76. Qd3+ Kf2 77. Kg5 Ke1 78. Qb1+ Kf2 79. Qc2+ Kg3 80. Qd3+ Kf2 81. Kg4 Rg2+ 82. Kf4 Ke1 83. Qb1+ Kf2 84. Qc1 Ke2 85. Qc2+ Kf1 86. Qd1+ Kf2 87. Qd4+ Ke2 88. Qe4+ Kf2 89. Qe3+ Kf1 90. Qd3+ Ke1 91. Qb1+ Ke2 92. Qc1 Rf2+ 93. Ke4 Rg2 94. Qc2+ Kf1 95. Qd1+ Kf2 96. Kf4 Rh2 97. Qd2+ Kg1 98. Qe1+ Kg2 99. Kg4 Rh8 100. Qd2+ Kh1 101. Qc1+ 1-0

[Event "ITA-ch sf 82nd"]
[Site "Villesse"]
[Date "2023.07.16"]
[Round "2"]
[White "Fassio, Luca"]
[Black "Titze, Leo"]
[Result "0-1"]
[WhiteElo "1966"]
[BlackElo "2211"]
[PlyCount "86"]
[EventDate "2023.07.15"]
[EventType "swiss"]
[EventRounds "9"]
[EventCountry "ITA"]
[SourceTitle "CBM 215 Extra"]
[Source "ChessBase"]
[SourceDate "2023.09.30"]
[SourceVersion "1"]
[SourceVersionDate "2023.09.30"]
[SourceQuality "1"]

1. e4 e5 2. Nf3 Nc6 3. Bc4 Nf6 4. Ng5 d5 5. exd5 Na5 6. Bb5+ c6 7. dxc6 bxc6 8. Be2 h6 9. Nf3 e4 10. Ne5 Bc5 11. c3 Bd6 12. f4 Qc7 13. b4 Nb7 14. Na3 Be6 15. 0-0 0-0 16. d4 exd3 17. Nxd3 a5 18. Kh1 Nd5 19. Qd2 Bf5 20. Nc2 Rfd8 21. bxa5 Nxa5 22. Nd4 Be4 23. Nb4 Nf6 24. Qe1 Qb7 25. Bf3 c5 26. Bxe4 Nxe4 27. Nbc6 Nxc6 28. Qxe4 cxd4 29. cxd4 Re8 30. Qf3 Na5 31. d5 f5 32. Be3 Nc4 33. Rfe1 Nxe3 34. Rxe3 Rxe3 35. Qxe3 Qxd5 36. a4 Kh7 37. h3 Rxa4 38. Rxa4 Qd1+ 39. Kh2 Qxa4 40. g3 Qc2+ 41. Kh1 Bc5 42. Qe1 Bf2 43. Qe5 Bxg3 0-1

[Event "ITA-ch U18"]
[Site "Tarvisio"]
[Date "2023.07.09"]
[Round "9"]
[White "Titze, Leo"]
[Black "Markevichus, Yaraslau"]
[Result "1-0"]
[WhiteElo "2211"]
[BlackElo "1992"]
[PlyCount "69"]
[EventDate "2023.07.02"]
[EventType "swiss"]
[EventRounds "9"]
[EventCountry "ITA"]
[SourceTitle "EXT 2024"]
[Source "ChessBase"]
[SourceDate "2023.10.10"]
[SourceVersion "1"]
[SourceVersionDate "2023.10.10"]
[SourceQuality "1"]

1. e4 c5 2. Nf3 e6 3. d4 cxd4 4. Nxd4 Nc6 5. Nc3 Qc7 6. Be3 a6 7. g4 h6 8. Rg1 Nf6 9. h4 Bb4 10. f3 Ne5 11. Qd2 d5 12. g5 hxg5 13. hxg5 Nxf3+ 14. Nxf3 Nxe4 15. Qd4 Bxc3+ 16. bxc3 Qxc3+ 17. Qxc3 Nxc3 18. Bd4 Ne4 19. Bxg7 Rg8 20. Bd4 Bd7 21. Bd3 Rc8 22. 0-0-0 Ba4 23. Kb2 Nd6 24. Ne5 Bb5 25. Bxb5+ Nxb5 26. c3 Nd6 27. Rdf1 Nc4+ 28. Nxc4 Rxc4 29. Rf6 Ke7 30. Rgf1 Rxg5 31. Rxf7+ Kd6 32. Rxb7 Rg2+ 33. Kb1 Ra4 34. Rff7 Raxa2 35. Rb6# 1-0

[Event "ITA-ch U18"]
[Site "Tarvisio"]
[Date "2023.07.04"]
[Round "3"]
[White "Titze, Leo"]
[Black "Brugnoni, Lorenzo"]
[Result "1-0"]
[WhiteElo "2211"]
[BlackElo "1824"]
[PlyCount "139"]
[EventDate "2023.07.02"]
[EventType "swiss"]
[EventRounds "9"]
[EventCountry "ITA"]
[SourceTitle "EXT 2024"]
[Source "ChessBase"]
[SourceDate "2023.10.10"]
[SourceVersion "1"]
[SourceVersionDate "2023.10.10"]
[SourceQuality "1"]

1. d4 d5 2. c4 e6 3. Nc3 Nf6 4. cxd5 exd5 5. Bg5 Nbd7 6. e3 c6 7. Bd3 Be7 8. Qc2 h6 9. Bh4 Nh5 10. Bxe7 Qxe7 11. Nge2 0-0 12. 0-0-0 Re8 13. Kb1 Nhf6 14. h3 Ne4 15. Bxe4 dxe4 16. Nf4 Nf6 17. d5 Qd6 18. Qb3 a6 19. dxc6 Qxc6 20. Qa3 b5 21. Ncd5 Nxd5 22. Nxd5 Ra7 23. Qc3 Qxc3 24. Nxc3 Be6 25. b3 f5 26. Rd6 Kf7 27. Ne2 Ke7 28. Rc6 Bd7 29. Rc5 Rc8 30. Rxc8 Bxc8 31. Rc1 Bd7 32. Kb2 Kd6 33. Rd1+ Ke7 34. Rd5 Be6 35. Rc5 Kd6 36. Rc1 Rb7 37. Nd4 Bd7 38. Rd1 Ke5 39. Kc3 a5 40. Ne2 Rc7+ 41. Kb2 g5 42. g3 Ke6 43. Rh1 Kf6 44. h4 g4 45. Rd1 Ke5 46. Nf4 Bc6 47. Rd8 Rd7 48. Re8+ Kd6 49. Re6+ Kc7 50. Kc2 Rd6 51. Re7+ Kb6 52. Ne2 Bd7 53. Nd4 Kc5 54. a3 Kd5 55. Rf7 Ke5 56. Rf8 Rb6 57. Ra8 a4 58. Kc3 Rb7 59. Kb4 axb3 60. Kxb3 Rc7 61. Kb2 Rb7 62. Ra6 h5 63. Rh6 b4 64. axb4 Rxb4+ 65. Kc1 Ra4 66. Kd1 Ra1+ 67. Kd2 Bc8 68. Nc6+ Kd5 69. Ne7+ Kc4 70. Rc6+ 1-0

[Event "Trieste op 24th"]
[Site "Trieste"]
[Date "2022.09.07"]
[Round "7"]
[White "Titze, Leo"]
[Black "Mazi, Leon"]
[Result "0-1"]
[WhiteElo "2116"]
[BlackElo "2333"]
[PlyCount "138"]
[EventDate "2022.09.03"]
[EventType "swiss"]
[EventRounds "9"]
[EventCountry "ITA"]
[SourceTitle "CBM 210 Extra"]
[Source "ChessBase"]
[SourceDate "2022.11.30"]
[SourceVersion "1"]
[SourceVersionDate "2022.11.30"]
[SourceQuality "1"]

1. e4 c5 2. Nf3 d6 3. d4 cxd4 4. Nxd4 Nf6 5. Nc3 a6 6. Rg1 Nc6 7. Be2 Qb6 8. Nb3 e6 9. Be3 Qc7 10. a4 b6 11. g4 Bb7 12. g5 Nd7 13. f4 Nb4 14. Kf2 Nc5 15. Bf3 Rd8 16. Qe2 d5 17. exd5 Nxd5 18. Nxd5 Bxd5 19. Rgd1 Be7 20. Nxc5 Bxc5 21. Kg3 0-0 22. Bxc5 Bxf3 23. Qxf3 Qxc5 24. Rxd8 Rxd8 25. Rd1 Re8 26. c3 e5 27. fxe5 Qxe5+ 28. Qf4 Qe2 29. Rf1 Qd3+ 30. Rf3 Qd7 31. Rf2 Qd5 32. h4 Qe6 33. Qf3 Qc4 34. Qf4 Qd5 35. Rd2 Qh1 36. Rf2 Qb7 37. Rd2 Qe7 38. Rf2 Qe6 39. Qf3 Qg6 40. Qf4 h6 41. Kh2 hxg5 42. Qxg5 Re4 43. Qxg6 fxg6 44. Kg3 Rxa4 45. Rd2 b5 46. Rd7 Kh7 47. Rc7 Kh6 48. Rc6 Ra2 49. b4 Ra3 50. Kg4 Ra1 51. Kg3 Rg1+ 52. Kh2 Rg4 53. Rxa6 Rxh4+ 54. Kg2 Rc4 55. Rb6 Rxc3 56. Rxb5 g5 57. Rb8 Rb3 58. b5 Kh5 59. b6 Kg4 60. b7 Rb2+ 61. Kf1 Kg3 62. Ke1 g4 63. Kf1 Rb6 64. Rc8 Rb1+ 65. Ke2 Rxb7 66. Re8 Rf7 67. Re6 Kg2 68. Rg6 Re7+ 69. Kd3 g3 0-1

[Event "Lignano Bella Italia op 1st"]
[Site "Lignano Sabbiadoro"]
[Date "2022.08.20"]
[Round "5"]
[White "Titze, Leo"]
[Black "Cino, Giuseppe Adalberto"]
[Result "1/2-1/2"]
[WhiteElo "2071"]
[BlackElo "1976"]
[PlyCount "131"]
[EventDate "2022.08.18"]
[EventType "swiss"]
[EventRounds "9"]
[EventCountry "ITA"]
[SourceTitle "CBM 210 Extra"]
[Source "ChessBase"]
[SourceDate "2022.11.30"]
[SourceVersion "1"]
[SourceVersionDate "2022.11.30"]
[SourceQuality "1"]

1. e4 e5 2. Nf3 Nc6 3. d3 Nge7 4. g3 g6 5. Bg2 Bg7 6. 0-0 0-0 7. c3 d5 8. Qe2 h6 9. Nbd2 Kh7 10. Rd1 d4 11. h4 Be6 12. Nf1 Qd7 13. N1h2 a5 14. Ne1 f5 15. c4 f4 16. Bf3 g5 17. h5 b6 18. Bg4 Bxg4 19. Qxg4 Nb8 20. Bd2 c5 21. b3 Nec6 22. a3 Qxg4 23. Nxg4 Nd7 24. Kg2 Nf6 25. Nxf6+ Bxf6 26. g4 Be7 27. Nc2 Rfb8 28. Rdb1 Kg7 29. Rb2 Kf7 30. Rab1 Ke6 31. b4 axb4 32. axb4 Kd7 33. bxc5 bxc5 34. Rb5 Bd6 35. R1b2 Kc8 36. Kf3 Na7 37. Rb6 Bc7 38. Rxb8+ Rxb8 39. Ra2 Nc6 40. Ke2 Rb3 41. f3 Kb7 42. Na3 Na7 43. Nc2 Nc6 44. Ne1 Rb1 45. Ra3 Bb6 46. Nc2 Nb4 47. Nxb4 cxb4 48. Ra4 b3 49. Rb4 Kc6 50. Rb5 Bc5 51. Bb4 Bxb4 52. Rxb4 b2 53. Kd2 Rf1 54. Rxb2 Rf2+ 55. Kc1 Rxf3 56. Rb5 Rxd3 57. Rxe5 Rg3 58. Kd2 Rxg4 59. Rf5 Rg3 60. e5 Re3 61. Rf6+ Kd7 62. Rxh6 Rxe5 63. Rg6 f3 64. h6 Re2+ 65. Kd1 Rh2 66. Rxg5 1/2-1/2

[Event "Lignano Bella Italia op 1st"]
[Site "Lignano Sabbiadoro"]
[Date "2022.08.18"]
[Round "2"]
[White "Karthik, Venkataraman"]
[Black "Titze, Leo"]
[Result "1-0"]
[WhiteElo "2483"]
[BlackElo "2071"]
[PlyCount "61"]
[EventDate "2022.08.18"]
[EventType "swiss"]
[EventRounds "9"]
[EventCountry "ITA"]
[SourceTitle "CBM 210 Extra"]
[Source "ChessBase"]
[SourceDate "2022.11.30"]
[SourceVersion "1"]
[SourceVersionDate "2022.11.30"]
[SourceQuality "1"]

1. e4 c5 2. Nc3 Nc6 3. Bb5 e6 4. Bxc6 bxc6 5. f4 d5 6. Qe2 a5 7. Nf3 c4 8. 0-0 Bc5+ 9. Kh1 Ne7 10. b3 Ba6 11. bxc4 Bxc4 12. d3 Ba6 13. Na4 Ba7 14. c4 0-0 15. Ba3 dxc4 16. dxc4 Qc7 17. Nc5 Bxc5 18. Bxc5 Rfd8 19. e5 Ng6 20. Ng5 a4 21. Rab1 Re8 22. Bd6 Qa7 23. Qd3 c5 24. f5 exf5 25. Rxf5 Qd7 26. Rbf1 Bb7 27. Rxf7 Qc6 28. Qg3 Rac8 29. h4 Kh8 30. h5 Nh4 31. Nf3 1-0

[Event "EU-ch U14"]
[Site "Bratislava"]
[Date "2019.08.04"]
[Round "3"]
[White "Titze, Leo"]
[Black "Bogdanovics, Kirills"]
[Result "0-1"]
[WhiteElo "1966"]
[BlackElo "1600"]
[PlyCount "140"]
[EventDate "2019.08.02"]
[EventType "swiss"]
[EventRounds "9"]
[EventCountry "SVK"]
[SourceTitle "EXT 2020"]
[Source "ChessBase"]
[SourceDate "2019.10.17"]
[SourceVersion "1"]
[SourceVersionDate "2019.10.17"]
[SourceQuality "1"]

1. d4 d5 2. c4 c6 3. Nc3 Nf6 4. Bg5 e6 5. Nf3 h6 6. Bh4 dxc4 7. e4 g5 8. Bg3 b5 9. a3 Bb7 10. Be2 Nbd7 11. 0-0 Bg7 12. Bd6 Bf8 13. Bxf8 Rxf8 14. e5 Nd5 15. Ne4 Qc7 16. Nfd2 0-0-0 17. Nd6+ Kb8 18. N2e4 f5 19. Nxb7 Qxb7 20. Nd6 Qb6 21. a4 Nc7 22. b3 cxb3 23. axb5 cxb5 24. Qxb3 a6 25. Rfd1 g4 26. Rac1 Ka7 27. Ra1 Kb8 28. Qb2 Ne8 29. Qa3 Nxd6 30. exd6 Kb7 31. Bc4 Nb8 32. Bxe6 Qxd6 33. Qb3 h5 34. d5 Nd7 35. Re1 Nc5 36. Qa2 f4 37. Rec1 Nxe6 38. Rc6 Nc7 39. Rxd6 Rxd6 40. Rc1 Nxd5 41. Qc2 Rfd8 42. Qh7+ R8d7 43. Qe4 Re7 44. Qd3 Red7 45. h3 Nf6 46. Qc2 g3 47. fxg3 fxg3 48. Qb3 h4 49. Qf3+ Kb8 50. Re1 Ka7 51. Qe3+ Kb8 52. Qf4 Nh5 53. Qxh4 Rd1 54. Qe4 Rxe1+ 55. Qxe1 Rd5 56. Qe8+ Kc7 57. Kf1 Rc5 58. Qf7+ Kb6 59. Ke1 b4 60. Ke2 a5 61. Kd3 a4 62. Kd4 b3 63. Qg6+ Rc6 64. Qb1 Rc2 65. Kd5 Nf4+ 66. Kd6 Ne2 67. Qd1 Rc5 68. Kd7 b2 69. Qb1 a3 70. Qa2 Nd4 0-1